000
00260nam a2200097Ia 4500
001
1076314
005
20250827002254.0
008
250824s9999 xx 000 0 und d
245
0
_a
İSLAM VE BİLİM TARTIŞMALARI
_c
MUSTAFA ARMAĞAN
260
_b
KETEBE YAYINLARI
999
_c
1076314
_d
1076314